| 000 | 00757nam a22002177a 4500 | ||
|---|---|---|---|
| 999 |
_c386 _d386 |
||
| 003 | AR-CdUCM | ||
| 008 | 190223b ||||| |||| 00| 0 spa d | ||
| 040 |
_aMUNICIPALIDAD PROVINCIAL DEL CUSCO _cBIBLIOTECA MUNICIPAL DEL CUSCO |
||
| 082 |
_21ra. ed. _a910.3 / _bA83 |
||
| 100 |
_aAstraín Bada, Miguel María _91553 |
||
| 245 |
_aLos Países del Mundo / _cAstraín Bada, Miguel María |
||
| 260 |
_aBarcelona, España : _bBruguera , _c1965. |
||
| 300 |
_a315 paginas : _c21 cm. |
||
| 505 | _aGeografia -- Politica -- Paises del Mundo... | ||
| 650 |
_aGeografia Mundial. _91554 |
||
| 650 |
_aPolitica Internacional. _91555 |
||
| 650 |
_aDemografia. _91556 |
||
| 700 |
_aAstraín Bada Miguel María _91557 |
||
| 942 |
_2ddc _cLIBROS |
||
| 945 |
_artm _d2019-02-23 |
||